| 000 | 00698cam a2200133 4500500 | ||
|---|---|---|---|
| 005 | 20260405085606.0 | ||
| 041 | _afre | ||
| 042 | _adc | ||
| 100 | 1 | 0 |
_aSiouffi, Gilles _eauthor |
| 245 | 0 | 0 | _aPhilosophie du langage à l'âge classique |
| 260 |
_bArmand Colin,
_c2010. |
||
| 520 | _aDe Bacon à von Humbolt, vingt-deux auteurs accompagnés d’un texte commenté sont présentés par ordre chronologique. Avec pour chacune d’eux un rappel biographique et une synthèse de leur pensée et leurs apports concernant ce domaine d’étude qu’est le langage. | ||
| 856 | 4 | 1 | _uhttps://shs.cairn.info/philosophie-du-langage-a-lage-classique--9782200249298?lang=fr&redirect-ssocas=7080 |
| 999 |
_c2198813 _d2198813 |
||